000 00884nas a2200325 4500
001 BR0502989
003 BR-BrBNA
005 20231205105441.0
007 ta
008 230509b bl.|||p| |||| 00| 00por d
040 _aBR-BrBNA
_bpor
_cBiblioteca Nacional de Agricultura
041 _a(Pt)
072 _aL73; L70
100 1 _aMontagna, M. de M.C.
100 1 _aNicolau, S.B.
100 1 _aNakage, A.P.M.
100 1 _aSouza, A.C. de
100 1 _aEngracia Filho, J.R.
245 1 _aLipossarcoma esplênico em um cão
650 _aCÃO
650 _aNEOPLASIA
650 _aANOREXIA
650 _aBAÇO
650 _aDIAGNÓSTICO
650 _aVETERINÁRIA
650 _aSÃO PAULO
773 0 _tCiência Rural (Brazil)
_xISSN 0103-8478
_g(Nov-Dec 2004), v. 34(6) p. 1957-1960
_wBR0502989
909 _a202311
_bLúcia
_c55
_dLúcia Elande
942 _2AGRIS
_n0
_cANA
999 _c183029
_d183029